| 000 | 01357nam a22001577a 4500 | ||
|---|---|---|---|
| 999 |
_c517677 _d517677 |
||
| 008 | 210724b ||||| |||| 00| 0 eng d | ||
| 100 |
_aThomas, Roby _927954 |
||
| 245 | _aNuclear attack submarines: The elixir for a true blue-water navy | ||
| 260 | _aJournal of Defence Studies | ||
| 300 | _a14(4), Oct-Dec, 2020: p.77-80 | ||
| 520 | _aIndia’s tryst with its destiny for the twenty-first century will greatly depend upon how it prioritises its strategic necessities in the face of current Covid-19-induced economic crisis. While still on course to be the third largest world economy by 2050, India will need to ensure it has the essential tools—economic, military and diplomatic—by then to provide the necessary leverage as a great world power. Great thinkers have stressed and history has shown that maritime power is one such leverage. This will provide the nation with the ability to influence affairs at a distance, which is the epitome of a blue-water navy. Considering its overwhelming utility, nuclear attack submarines today are the ‘Brahmastra’ in the fleet of a true blue-water navy and India needs to prioritise this. - Reproduced | ||
| 650 |
_aCovid-19, Economic crisis, Maritime power, Nuclear attack submarines, _927955 |
||
| 773 | _aJournal of Defence Studies | ||
| 906 | _aNUCLEAR SUBMARINES - INDIA | ||
| 942 | _cAR | ||